Alle Sieger der fünf Radsport Monumente seit 2000 - Statistiken

Allgemein
  • Dieses Quiz wurde 54 mal gespielt
    9 seit der letzten Aktualisierung
  • Das Durchschnittsergebnis liegt bei 43 aus 132
Antwortstatistiken
Jahr Rennen Nationalität Fahrer % Korrekt
2021 Lüttich–Bastogne–Lüttich Slowenien Tadej Pogačar
100%
2021 Lombardei-Rundfahrt Slowenien Tadej Pogačar
100%
2022 Lombardei-Rundfahrt Slowenien Tadej Pogačar
100%
2023 Flandern-Rundfahrt Slowenien Tadej Pogačar
100%
2023 Lombardei-Rundfahrt Slowenien Tadej Pogačar
100%
2024 Lüttich–Bastogne–Lüttich Slowenien Tadej Pogačar
100%
2024 Lombardei-Rundfahrt Slowenien Tadej Pogačar
100%
2025 Flandern-Rundfahrt Slowenien Tadej Pogačar
100%
2025 Lüttich–Bastogne–Lüttich Slowenien Tadej Pogačar
100%
2025 Lombardei-Rundfahrt Slowenien Tadej Pogačar
100%
2026 Mailand-Sanremo Slowenien Tadej Pogačar
100%
2026 Flandern-Rundfahrt Slowenien Tadej Pogačar
100%
2020 Flandern-Rundfahrt Niederlande Mathieu van der Poel
88%
2022 Flandern-Rundfahrt Niederlande Mathieu van der Poel
88%
2023 Mailand-Sanremo Niederlande Mathieu van der Poel
88%
2023 Paris–Roubaix Niederlande Mathieu van der Poel
88%
2024 Flandern-Rundfahrt Niederlande Mathieu van der Poel
88%
2024 Paris–Roubaix Niederlande Mathieu van der Poel
88%
2025 Mailand-Sanremo Niederlande Mathieu van der Poel
88%
2025 Paris–Roubaix Niederlande Mathieu van der Poel
88%
2020 Lüttich–Bastogne–Lüttich Slowenien Primož Roglič
88%
2020 Mailand-Sanremo Belgien Wout van Aert
88%
2026 Paris–Roubaix Belgien Wout van Aert
88%
2022 Mailand-Sanremo Slowenien Matej Mohoric
75%
2016 Flandern-Rundfahrt Slowakei Peter Sagan
75%
2018 Paris–Roubaix Slowakei Peter Sagan
75%
2022 Lüttich–Bastogne–Lüttich Belgien Remco Evenepoel
63%
2023 Lüttich–Bastogne–Lüttich Belgien Remco Evenepoel
63%
2022 Paris–Roubaix Niederlande Dylan van Baarle
50%
2024 Mailand-Sanremo Belgien Jasper Philipsen
50%
2019 Mailand-Sanremo Frankreich Julian Alaphilippe
50%
2021 Flandern-Rundfahrt Dänemark Kasper Asgreen
50%
2015 Lombardei-Rundfahrt Italien Vincenzo Nibali
50%
2017 Lombardei-Rundfahrt Italien Vincenzo Nibali
50%
2018 Mailand-Sanremo Italien Vincenzo Nibali
50%
2014 Mailand-Sanremo Norwegen Alexander Kristoff
38%
2015 Flandern-Rundfahrt Norwegen Alexander Kristoff
38%
2006 Paris–Roubaix Schweiz Fabian Cancellara
38%
2008 Mailand-Sanremo Schweiz Fabian Cancellara
38%
2010 Flandern-Rundfahrt Schweiz Fabian Cancellara
38%
2010 Paris–Roubaix Schweiz Fabian Cancellara
38%
2013 Flandern-Rundfahrt Schweiz Fabian Cancellara
38%
2013 Paris–Roubaix Schweiz Fabian Cancellara
38%
2014 Flandern-Rundfahrt Schweiz Fabian Cancellara
38%
2015 Mailand-Sanremo Deutschland John Degenkolb
38%
2015 Paris–Roubaix Deutschland John Degenkolb
38%
2009 Mailand-Sanremo Großbritannien Mark Cavendish
38%
2017 Mailand-Sanremo Polen Michael Kwiatkowski
38%
2005 Flandern-Rundfahrt Belgien Tom Boonen
38%
2005 Paris–Roubaix Belgien Tom Boonen
38%
2006 Flandern-Rundfahrt Belgien Tom Boonen
38%
2008 Paris–Roubaix Belgien Tom Boonen
38%
2009 Paris–Roubaix Belgien Tom Boonen
38%
2012 Flandern-Rundfahrt Belgien Tom Boonen
38%
2012 Paris–Roubaix Belgien Tom Boonen
38%
2006 Lüttich–Bastogne–Lüttich Spanien Alejandro Valverde
25%
2008 Lüttich–Bastogne–Lüttich Spanien Alejandro Valverde
25%
2015 Lüttich–Bastogne–Lüttich Spanien Alejandro Valverde
25%
2017 Lüttich–Bastogne–Lüttich Spanien Alejandro Valverde
25%
2009 Lüttich–Bastogne–Lüttich Luxemburg Andy Schleck
25%
2018 Lüttich–Bastogne–Lüttich Luxemburg Bob Jungels
25%
2000 Mailand-Sanremo Deutschland Erik Zabel
25%
2001 Mailand-Sanremo Deutschland Erik Zabel
25%
2019 Lüttich–Bastogne–Lüttich Dänemark Jakob Fuglsang
25%
2020 Lombardei-Rundfahrt Dänemark Jakob Fuglsang
25%
2021 Mailand-Sanremo Belgien Jasper Stuyven
25%
2009 Lombardei-Rundfahrt Belgien Philippe Gilbert
25%
2010 Lombardei-Rundfahrt Belgien Philippe Gilbert
25%
2011 Lüttich–Bastogne–Lüttich Belgien Philippe Gilbert
25%
2017 Flandern-Rundfahrt Belgien Philippe Gilbert
25%
2019 Paris–Roubaix Belgien Philippe Gilbert
25%
2005 Lüttich–Bastogne–Lüttich Kasachstan Alex Winokurow
13%
2010 Lüttich–Bastogne–Lüttich Kasachstan Alex Winokurow
13%
2019 Lombardei-Rundfahrt Niederlande Bauke Mollema
13%
2004 Lombardei-Rundfahrt Italien Damiano Cunego
13%
2007 Lombardei-Rundfahrt Italien Damiano Cunego
13%
2008 Lombardei-Rundfahrt Italien Damiano Cunego
13%
2013 Mailand-Sanremo Deutschland Gerald Ciolek
13%
2012 Lombardei-Rundfahrt Spanien Joaquim Rodríguez
13%
2013 Lombardei-Rundfahrt Spanien Joaquim Rodríguez
13%
2002 Mailand-Sanremo Italien Mario Cipollini
13%
2016 Paris–Roubaix Australien Mathew Hayman
13%
2004 Mailand-Sanremo Spanien Oscar Freire
13%
2007 Mailand-Sanremo Spanien Oscar Freire
13%
2010 Mailand-Sanremo Spanien Oscar Freire
13%
2012 Mailand-Sanremo Australien Simon Gerrans
13%
2014 Lüttich–Bastogne–Lüttich Australien Simon Gerrans
13%
2021 Paris–Roubaix Italien Sonny Colbrelli
13%
2007 Paris–Roubaix Australien Stuart O’Grady
13%
2018 Lombardei-Rundfahrt Frankreich Thibaut Pinot
13%
2016 Lüttich–Bastogne–Lüttich Niederlande Wout Poels
13%
2019 Flandern-Rundfahrt Italien Alberto Bettiol
0%
2007 Flandern-Rundfahrt Italien Alessandro Ballan
0%
2005 Mailand-Sanremo Italien Alessandro Petacchi
0%
2002 Flandern-Rundfahrt Italien Andrea Tafi
0%
2000 Flandern-Rundfahrt Belgien Andreï Tchmil
0%
2016 Mailand-Sanremo Frankreich Arnaud Démare
0%
2013 Lüttich–Bastogne–Lüttich Irland Daniel Martin
0%
2014 Lombardei-Rundfahrt Irland Daniel Martin
0%
2001 Lombardei-Rundfahrt Italien Danilo Di Luca
0%
2007 Lüttich–Bastogne–Lüttich Italien Danilo Di Luca
0%
2004 Lüttich–Bastogne–Lüttich Italien Davide Rebellin
0%
2016 Lombardei-Rundfahrt Kolumbien Esteban Chaves
0%
2006 Mailand-Sanremo Italien Filippo Pozzato
0%
2001 Flandern-Rundfahrt Italien Gianluca Bortolami
0%
2017 Paris–Roubaix Belgien Greg Van Avermaet
0%
2000 Paris–Roubaix Belgien Johan Museeuw
0%
2002 Paris–Roubaix Belgien Johan Museeuw
0%
2011 Paris–Roubaix Belgien Johan Vansummeren
0%
2004 Paris–Roubaix Schweden Magnus Bäckstedt
0%
2011 Mailand-Sanremo Australien Matthew Goss
0%
2012 Lüttich–Bastogne–Lüttich Kasachstan Maxim Iglinski
0%
2002 Lombardei-Rundfahrt Italien Michele Bartoli
0%
2003 Lombardei-Rundfahrt Italien Michele Bartoli
0%
2011 Flandern-Rundfahrt Belgien Nick Nuyens
0%
2014 Paris–Roubaix Niederlande Niki Terpstra
0%
2018 Flandern-Rundfahrt Niederlande Niki Terpstra
0%
2011 Lombardei-Rundfahrt Schweiz Oliver Zaugg
0%
2001 Lüttich–Bastogne–Lüttich Schweiz Oscar Camenzind
0%
2000 Lüttich–Bastogne–Lüttich Italien Paolo Bettini
0%
2002 Lüttich–Bastogne–Lüttich Italien Paolo Bettini
0%
2003 Mailand-Sanremo Italien Paolo Bettini
0%
2005 Lombardei-Rundfahrt Italien Paolo Bettini
0%
2006 Lombardei-Rundfahrt Italien Paolo Bettini
0%
2003 Flandern-Rundfahrt Belgien Peter Van Petegem
0%
2003 Paris–Roubaix Belgien Peter Van Petegem
0%
2000 Lombardei-Rundfahrt Litauen Raimondas Rumšas
0%
2001 Paris–Roubaix Niederlande Servais Knaven
0%
2004 Flandern-Rundfahrt Deutschland Steffen Wesemann
0%
2008 Flandern-Rundfahrt Belgien Stijn Devolder
0%
2009 Flandern-Rundfahrt Belgien Stijn Devolder
0%
2003 Lüttich–Bastogne–Lüttich USA Tyler Hamilton
0%
Keine übereinstimmenden Quizze gefunden
Verteilung der Resultate
Anzahl Personen mit jedem Resultat
Perzentil nach korrekt beantworteten Fragen
Ihre Resultats-Entwicklung
Sie haben dieses Quiz seit der letzten Aktualisierung nicht gespielt